AH International Schools' Libraries

the purpose driven life: (Record no. 49816)

MARC details
000 -LEADER
fixed length control field 00447nam a2200133 4500
020 ## - INTERNATIONAL STANDARD BOOK NUMBER
International Standard Book Number 978-0310337508
100 ## - MAIN ENTRY--PERSONAL NAME
Personal name Warren, Rick.
9 (RLIN) 86953
245 ## - TITLE STATEMENT
Title the purpose driven life:
Remainder of title what on earth am I here for?
Statement of responsibility, etc Rick Warren.
250 ## - EDITION STATEMENT
Edition statement expanded edition.
260 ## - PUBLICATION, DISTRIBUTION, ETC. (IMPRINT)
Place of publication, distribution, etc Grand Rapids, Michigan:
Name of publisher, distributor, etc Zondervan;
Date of publication, distribution, etc 2012.
300 ## - PHYSICAL DESCRIPTION
Extent 361 p.
Dimensions 20 cm.
650 ## - SUBJECT ADDED ENTRY--TOPICAL TERM
Topical term or geographic name as entry element Christian. Devotionals. Church. Daily living.
Form subdivision Non Fiction.
9 (RLIN) 86954
942 ## - ADDED ENTRY ELEMENTS (KOHA)
Source of classification or shelving scheme
Koha item type NON FIC SECTION
Holdings
Withdrawn status Lost status Source of classification or shelving scheme Damaged status Not for loan Collection code Home library Current library Date acquired Full call number Barcode Date last seen Price effective from Koha item type
          Non-Fiction Asian Hope Secondary Library Asian Hope Secondary Library 11/24/2025 428.4 WAR 208835 01/16/2026 11/24/2025 NON FIC SECTION

For any Logos Library related questions please contact Miss Art at swongnarasuk@asianhope.org.

For any Asian Hope Library related questions please contact Miss Raza at graza@asianhope.org.

Click here to explore our ebooks!

Powered by Koha